000 00541nam a2200241 a 4500
001 nice12345678
003 IN_TiNIC
005 20260116012827.0
008 050524s1949 naga grp 000 0 urd
020 _a
_c100
082 0 0 _a891.41
_bIQB
100 _aIqbal, Mohd
245 _aNai Tahzeeb
260 _aNagpur
_bDattsons
_c1949
300 _a32p
500 _aincludes index and biblioraphy
505 2 _aIndex
650 _aUrdu-Poetry-iqbal
700 1 _aIqbal, Mohd
902 _bSRS
942 _cBK
999 _c8541
_d8541